History Quiz

Random History or Famous Quiz

Find That Historical Person Quiz Stats

 Plays Quiz Updated Mar 27, 2018

Score 0/20 Timer 08:00
1 Play Today
% Correct
Correct!  B is Vladimir Putin
96.8%
Correct!  B is Leonardo da Vinci
85.5%
Correct!  Tom Hanks has never been jailed
84.5%
Correct!  C is Mark Twain
79.7%
Correct!  Vladimir Lenin was Soviet Leader during the World War One
78.7%
Correct!  Elizabeth II has ruled for over 65 years
78.6%
Correct!  B is Benedict XVI
75.9%
Correct!  B is Angela Merkel
67.5%
Correct!  A is Grover Cleveland (22nd and 24th president)
66.6%
Correct!  Marie Antoinette was born 140 years after Shakespeare's death
58.5%
% Correct
Correct!  C is Johann Sebastian Bach
57.4%
Correct!  Buddy Holly died when he was just 22
53.1%
Correct!  D is Emperor Akihito
51.1%
Correct!  C is Tsar Nicholas II of Russia!
50.5%
Correct!  B is George Harrison
49.1%
Correct!  Agatha Christie never won a Nobel Prize
46.3%
Correct!  Martin Luther King won the Nobel Peace Prize in 1964
41.2%
Correct!  Walt Disney was born in 1901
33.9%
Correct!  Kevin Costner won Best Director for 'Dances with Wolves'
32.8%
Correct! Ayatollah Khomeini ruled Iran, 1979-1989
19.4%

You're not logged in!

Compare scores with friends on all Sporcle quizzes.
OR
Log In

You Might Also Like...

Show Comments

Extras

Top Quizzes Today


Score Distribution

Your Account Isn't Verified!

In order to create a playlist on Sporcle, you need to verify the email address you used during registration. Go to your Sporcle Settings to finish the process.

Report this User

Report this user for behavior that violates our Community Guidelines.

Details: